[Event "Chigorin Memorial 20th"]
[Site "St Petersburg"]
[Date "2012.11.02"]
[Round "7"]
[White "Mikhailov, Evgeni"]
[Black "Kondratiev, Denis"]
[Result "1-0"]
[WhiteElo "2050"]
[BlackElo "1972"]
[PlyCount "85"]
[EventDate "2012.10.27"]
[EventType "swiss"]
[EventRounds "9"]
[EventCountry "RUS"]
[SourceTitle "EXT 2013"]
[Source "ChessBase"]
[SourceDate "2012.11.22"]
[SourceVersion "1"]
[SourceVersionDate "2012.11.22"]
[SourceQuality "1"]

1. e4 c5 2. Nf3 e6 3. d4 cxd4 4. Nxd4 a6 5. Nc3 Qc7 6. Be3 Bb4 7. Qd2 Nf6 8. f3 d5 9. e5 Qxe5 10. 0-0-0 Qc7 11. Bf4 Qa5 12. Kb1 Nc6 13. Nb3 Qd8 14. a3 Be7 15. Bd3 Bd7 16. g4 b5 17. h4 b4 18. Na4 bxa3 19. Nac5 e5 20. Bg3 axb2 21. Rhe1 Bxc5 22. Nxc5 0-0 23. g5 Qe7 24. Qc3 Nh5 25. Bxe5 Nxe5 26. Rxe5 Qd6 27. Rxd5 Qc6 28. Rd6 Qc8 29. Rxd7 Nf4 30. Bc4 a5 31. Bxf7+ Kh8 32. Bd5 Qxd7 33. Nxd7 Rac8 34. Qd4 Ne2 35. Nxf8 Nxd4 36. Rxd4 Rxf8 37. Kxb2 g6 38. c4 Kg7 39. c5 Rc8 40. c6 Kf8 41. Re4 Rc7 42. Rf4+ Ke8 43. Rf7 1-0

[Event "Chigorin Memorial 20th"]
[Site "St Petersburg"]
[Date "2012.10.31"]
[Round "5"]
[White "Samdanov, Samdan"]
[Black "Kondratiev, Denis"]
[Result "1-0"]
[WhiteElo "2221"]
[BlackElo "1972"]
[PlyCount "57"]
[EventDate "2012.10.27"]
[EventType "swiss"]
[EventRounds "9"]
[EventCountry "RUS"]
[SourceTitle "EXT 2013"]
[Source "ChessBase"]
[SourceDate "2012.11.22"]
[SourceVersion "1"]
[SourceVersionDate "2012.11.22"]
[SourceQuality "1"]

1. Nf3 d5 2. c4 c6 3. d4 Nf6 4. Nc3 dxc4 5. a4 Bg4 6. Ne5 Bh5 7. f3 Nfd7 8. Nxc4 e5 9. Be3 Bb4 10. Qb3 Qe7 11. Nxe5 Nxe5 12. dxe5 0-0 13. f4 Na6 14. Qc4 Rac8 15. Kf2 Kh8 16. Rc1 f6 17. exf6 Rxf6 18. Nd5 cxd5 19. Qxc8+ Rf8 20. Bd4 Nb8 21. Qc7 Nd7 22. e3 Bd6 23. Qc3 Ne5 24. Kg1 Ng4 25. Be2 Bb4 26. Qc7 Re8 27. Qxe7 Bxe7 28. h3 Nxe3 29. Bxh5 1-0

[Event "Chigorin Memorial 20th"]
[Site "St Petersburg"]
[Date "2012.10.29"]
[Round "3"]
[White "Valli, Frans"]
[Black "Kondratiev, Denis"]
[Result "1-0"]
[WhiteElo "2240"]
[BlackElo "1972"]
[PlyCount "83"]
[EventDate "2012.10.27"]
[EventType "swiss"]
[EventRounds "9"]
[EventCountry "RUS"]
[SourceTitle "EXT 2013"]
[Source "ChessBase"]
[SourceDate "2012.11.22"]
[SourceVersion "1"]
[SourceVersionDate "2012.11.22"]
[SourceQuality "1"]

1. e4 c5 2. Nf3 e6 3. d4 cxd4 4. Nxd4 a6 5. Bd3 Bc5 6. Nb3 Ba7 7. 0-0 Nc6 8. Qg4 Nf6 9. Qxg7 Rg8 10. Qh6 Rg6 11. Qh3 Ne5 12. Be3 Nfg4 13. Bxa7 Rxa7 14. Be2 Nf6 15. Qe3 Ra8 16. Nc3 b5 17. Nd2 b4 18. Na4 Rb8 19. f4 Neg4 20. Qd4 Bb7 21. Nc5 a5 22. Nxb7 Rxb7 23. e5 Nh5 24. Nc4 Qh4 25. h3 Ng3 26. Bf3 Nxf1 27. Rxf1 Rb8 28. hxg4 Rh6 29. g5 Qh2+ 30. Kf2 Rh4 31. Ke3 a4 32. Rd1 Rd8 33. Nd6+ Kf8 34. Qxb4 Kg7 35. Qxa4 Rh8 36. Qe4 h6 37. gxh6+ R8xh6 38. Nxf7 d5 39. exd6 Rf6 40. Ng5 Rhxf4 41. Nxe6+ Kh6 42. Nxf4 1-0

[Event "Chigorin Memorial 19th"]
[Site "St Petersburg"]
[Date "2011.10.21"]
[Round "8"]
[White "Kondratiev, Denis"]
[Black "Rybakova, Polina"]
[Result "0-1"]
[WhiteElo "1960"]
[BlackElo "1743"]
[PlyCount "56"]
[EventDate "2011.10.14"]
[EventType "swiss"]
[EventRounds "9"]
[EventCountry "RUS"]
[SourceTitle "CBM 144 Extra"]
[Source "ChessBase"]
[SourceDate "2011.10.28"]
[SourceVersion "1"]
[SourceVersionDate "2011.10.28"]
[SourceQuality "1"]

1. e4 c5 2. Nf3 d6 3. d4 cxd4 4. Qxd4 Nc6 5. Bb5 Bd7 6. Bxc6 Bxc6 7. Nc3 Nf6 8. Bg5 e5 9. Qd3 h6 10. Bh4 g5 11. Bg3 Qb6 12. 0-0-0 0-0-0 13. Nd5 Nxd5 14. exd5 Bd7 15. Nxe5 dxe5 16. Bxe5 Rg8 17. Qc3+ Qc5 18. Qb3 Bb5 19. a4 Bc4 20. Qg3 f5 21. Qf3 f4 22. Qg4+ Rd7 23. b4 Qe7 24. Bc3 Bg7 25. Rhe1 Qf7 26. d6 h5 27. Qf3 g4 28. Qe4 Bxc3 0-1

[Event "Chigorin Memorial 19th"]
[Site "St Petersburg"]
[Date "2011.10.14"]
[Round "1"]
[White "Girya, Olga"]
[Black "Kondratiev, Denis"]
[Result "1-0"]
[WhiteElo "2390"]
[BlackElo "1960"]
[PlyCount "67"]
[EventDate "2011.10.14"]
[EventType "swiss"]
[EventRounds "9"]
[EventCountry "RUS"]
[SourceTitle "CBM 144 Extra"]
[Source "ChessBase"]
[SourceDate "2011.10.28"]
[SourceVersion "1"]
[SourceVersionDate "2011.10.28"]
[SourceQuality "1"]

1. d4 d5 2. c4 c6 3. Nc3 Nf6 4. Nf3 e6 5. e3 Nbd7 6. Qc2 Bd6 7. b3 0-0 8. Be2 e5 9. cxd5 cxd5 10. Nb5 Bb4+ 11. Bd2 Bxd2+ 12. Nxd2 e4 13. a4 Ne8 14. 0-0 a6 15. Nc3 Qg5 16. f4 exf3 17. Rxf3 Ndf6 18. Raf1 Bg4 19. Rg3 h5 20. Rf4 Rc8 21. h3 Qh4 22. Kh2 g5 23. Rfxg4 hxg4 24. Bxg4 Rc6 25. Qd3 Nd6 26. Bf3 Kh8 27. Nxd5 Nxd5 28. Bxd5 Rc1 29. Rg4 Qf2 30. Nf3 f6 31. Qg6 Nf7 32. Bxf7 Rxf7 33. Qxf7 Rc6 34. Re4 1-0

[Event "St Petersburg Spring op"]
[Site "St Petersburg"]
[Date "2011.03.31"]
[Round "9"]
[White "Svidinsky, Dmitry"]
[Black "Kondratiev, Denis"]
[Result "0-1"]
[WhiteElo "2123"]
[BlackElo "1974"]
[PlyCount "72"]
[EventDate "2011.03.23"]
[EventType "swiss"]
[EventRounds "9"]
[EventCountry "RUS"]
[SourceTitle "CBM 141 Extra"]
[Source "ChessBase"]
[SourceDate "2011.05.03"]
[SourceVersion "1"]
[SourceVersionDate "2011.05.03"]
[SourceQuality "1"]

1. d4 Nf6 2. Nf3 d5 3. Bf4 c6 4. e3 Qb6 5. Qc1 Bf5 6. Be2 Na6 7. c3 e6 8. 0-0 Be7 9. Ne5 c5 10. Nd2 0-0 11. g4 Bg6 12. g5 Ne4 13. Nxe4 dxe4 14. Nd7 Qd8 15. Nxf8 Kxf8 16. Rd1 c4 17. h4 h6 18. gxh6 Bxh4 19. Bxc4 Qf6 20. Qc2 gxh6 21. b4 Qf5 22. Kf1 b5 23. Be2 Rc8 24. Rab1 Nc7 25. Kg1 Nd5 26. Bf1 Nxf4 27. exf4 Qg4+ 28. Kh1 e3 29. f3 Qxf4 30. Qg2 Rxc3 31. Rdc1 Qxd4 32. Rxc3 Qxc3 33. Rb3 Qe5 34. Qe2 Bf2 35. Qxb5 Qg3 36. Qc5+ Kg8 0-1

[Event "St Petersburg Spring op"]
[Site "St Petersburg"]
[Date "2011.03.25"]
[Round "3"]
[White "Kuzmin, Yuriy"]
[Black "Kondratiev, Denis"]
[Result "1-0"]
[WhiteElo "2193"]
[BlackElo "1974"]
[PlyCount "75"]
[EventDate "2011.03.23"]
[EventType "swiss"]
[EventRounds "9"]
[EventCountry "RUS"]
[SourceTitle "CBM 141 Extra"]
[Source "ChessBase"]
[SourceDate "2011.05.03"]
[SourceVersion "1"]
[SourceVersionDate "2011.05.03"]
[SourceQuality "1"]

1. d4 d5 2. c4 c6 3. Nf3 Nf6 4. e3 a6 5. Bd2 Bf5 6. Qb3 b5 7. cxd5 Nxd5 8. Ne5 e6 9. a4 b4 10. f3 Bxb1 11. Rxb1 a5 12. e4 Nf6 13. Be3 Nfd7 14. Rd1 Nxe5 15. dxe5 Qc7 16. f4 Be7 17. Be2 0-0 18. 0-0 Nd7 19. Qc2 c5 20. Bb5 Nb6 21. Qf2 Rfd8 22. g3 h6 23. b3 Rxd1 24. Rxd1 Rc8 25. Ba6 Ra8 26. Bf1 Rc8 27. Rc1 Qc6 28. Qf3 Nxa4 29. bxa4 Qxa4 30. Bc4 Rd8 31. f5 b3 32. Qe2 Qb4 33. fxe6 a4 34. Rf1 a3 35. exf7+ Kh7 36. Be6 b2 37. Bf5+ g6 38. Qh5 1-0

[Event "St Petersburg Blockade op"]
[Site "St Petersburg"]
[Date "2011.01.11"]
[Round "9"]
[White "Kondratiev, Denis"]
[Black "Belenkaya, Dina"]
[Result "0-1"]
[WhiteElo "1977"]
[BlackElo "2092"]
[PlyCount "96"]
[EventDate "2011.01.03"]
[EventType "swiss"]
[EventRounds "9"]
[EventCountry "RUS"]
[SourceTitle "CBM 140 Extra"]
[Source "ChessBase"]
[SourceDate "2011.03.01"]
[SourceVersion "1"]
[SourceVersionDate "2011.03.01"]
[SourceQuality "1"]

1. Nf3 d5 2. g3 Nf6 3. Bg2 c6 4. 0-0 Bg4 5. Ne5 Bf5 6. c4 Nbd7 7. d4 e6 8. Qb3 Qb6 9. Nxd7 Nxd7 10. c5 Qxb3 11. axb3 e5 12. b4 exd4 13. Nd2 Be7 14. Nb3 Bf6 15. Na5 0-0-0 16. b5 Nxc5 17. bxc6 b6 18. c7 Kxc7 19. Bf4+ Kd7 20. Nb7 Nxb7 21. Rxa7 Kc6 22. Rc1+ Nc5 23. b4 Rd7 24. Ra3 d3 25. Ra2 dxe2 26. Rxe2 Ra8 27. bxc5 bxc5 28. Be5 Bxe5 29. Rxe5 Bd3 30. Re3 Bb5 31. Re5 Re8 32. f4 c4 33. Kf2 Kc5 34. Rd1 f6 35. Rh5 g6 36. Rh6 f5 37. h4 c3 38. h5 c2 39. Rc1 Ba4 40. hxg6 hxg6 41. Rxg6 Rb8 42. Re6 Rb1 43. Ree1 Rxc1 44. Rxc1 Kb4 45. Bh3 Rf7 46. Bg2 d4 47. Bd5 Re7 48. g4 d3 0-1

[Event "St Petersburg Blockade op"]
[Site "St Petersburg"]
[Date "2011.01.07"]
[Round "5"]
[White "Kondratiev, Denis"]
[Black "Zavgorodniaya, Alena"]
[Result "1-0"]
[WhiteElo "1977"]
[BlackElo "1797"]
[PlyCount "67"]
[EventDate "2011.01.03"]
[EventType "swiss"]
[EventRounds "9"]
[EventCountry "RUS"]
[SourceTitle "CBM 140 Extra"]
[Source "ChessBase"]
[SourceDate "2011.03.01"]
[SourceVersion "1"]
[SourceVersionDate "2011.03.01"]
[SourceQuality "1"]

1. Nf3 d5 2. g3 Nf6 3. Bg2 e6 4. 0-0 c5 5. d3 Nc6 6. Nbd2 g6 7. e4 Bg7 8. exd5 Nxd5 9. Ne4 b6 10. c4 Nde7 11. Bg5 0-0 12. Nf6+ Kh8 13. Ng4 Qc7 14. Bf4 Qd8 15. h4 Bb7 16. h5 f5 17. Ne3 Qd7 18. h6 Bxb2 19. d4 cxd4 20. Ne5 Qc8 21. Rb1 dxe3 22. Rxb2 exf2+ 23. Rbxf2 Kg8 24. Nf3 Qd8 25. Qa1 Rf7 26. Ng5 Qf8 27. Nxe6 Qc8 28. Ng5 Qf8 29. Nxf7 Qxf7 30. Qc3 Ba6 31. Bc1 Kf8 32. Bxc6 Nxc6 33. Qh8+ Qg8 34. Qf6+ 1-0

[Event "St Petersburg Blockade op"]
[Site "St Petersburg"]
[Date "2011.01.06"]
[Round "4"]
[White "Ljubarov, Mark"]
[Black "Kondratiev, Denis"]
[Result "1-0"]
[WhiteElo "2103"]
[BlackElo "1977"]
[PlyCount "71"]
[EventDate "2011.01.03"]
[EventType "swiss"]
[EventRounds "9"]
[EventCountry "RUS"]
[SourceTitle "CBM 140 Extra"]
[Source "ChessBase"]
[SourceDate "2011.03.01"]
[SourceVersion "1"]
[SourceVersionDate "2011.03.01"]
[SourceQuality "1"]

1. e4 c5 2. c3 d5 3. exd5 Qxd5 4. d4 Nf6 5. Nf3 Bg4 6. dxc5 Qxd1+ 7. Kxd1 e5 8. b4 e4 9. h3 Bh5 10. g4 Nxg4 11. hxg4 Bxg4 12. Be2 exf3 13. Bd3 Nc6 14. Kc2 g6 15. Re1+ Kd7 16. Bf4 Bg7 17. Nd2 Rae8 18. Be4 Re6 19. Rad1 Rd8 20. b5 Ne5 21. Bxb7 Kc7 22. Bc6 g5 23. Bh2 Bf5+ 24. Kb3 Rb8 25. Nxf3 Rxc6 26. Nxe5 Rxb5+ 27. Ka4 Rcxc5 28. Nd7+ Kc8 29. Re8+ Kb7 30. Rb8+ Kc6 31. Rc8+ Kb7 32. Nxc5+ Rxc5 33. Rb8+ Kc6 34. Rd6+ Kc7 35. Rd5+ Kc6 36. Rxc5+ 1-0

[Event "St Petersburg White Nights op"]
[Site "St Petersburg"]
[Date "2010.06.23"]
[Round "8"]
[White "Kharchenko, Daniil"]
[Black "Kondratiev, Denis"]
[Result "0-1"]
[WhiteElo "1854"]
[BlackElo "1974"]
[PlyCount "76"]
[EventDate "2010.06.16"]
[EventType "swiss"]
[EventRounds "9"]
[EventCountry "RUS"]
[SourceTitle "EXT 2011"]
[Source "ChessBase"]
[SourceDate "2010.11.26"]
[SourceVersion "1"]
[SourceVersionDate "2010.11.26"]
[SourceQuality "1"]

1. Nf3 d5 2. d4 Nf6 3. c4 c6 4. Nc3 dxc4 5. a4 Bg4 6. e3 e6 7. Bxc4 Bb4 8. 0-0 0-0 9. Qb3 Bxc3 10. bxc3 Bxf3 11. gxf3 Qc7 12. f4 Nbd7 13. Ba3 Rfe8 14. Rab1 b6 15. Be2 c5 16. Rfc1 Ne4 17. Qc2 Nef6 18. Rb5 Rac8 19. dxc5 bxc5 20. Bf3 Rb8 21. Rcb1 Rxb5 22. Rxb5 e5 23. Qf5 exf4 24. Rb7 Qd6 25. Qxf4 Re5 26. Rxa7 g5 27. Qg3 Kf8 28. c4 Qd3 29. Bc6 Nh5 30. Qf3 Ndf6 31. Bd5 g4 32. Bxc5+ Kg7 33. Qg2 Nf4 34. Qf1 Ne2+ 35. Kg2 Nxd5 36. f4 gxf3+ 37. Qxf3 Rg5+ 38. Kf2 Rf5 0-1

[Event "St Petersburg White Nights op"]
[Site "St Petersburg"]
[Date "2010.06.20"]
[Round "5"]
[White "Kondratiev, Denis"]
[Black "Pukhovskaya, Irina"]
[Result "0-1"]
[WhiteElo "1974"]
[BlackElo "1683"]
[PlyCount "138"]
[EventDate "2010.06.16"]
[EventType "swiss"]
[EventRounds "9"]
[EventCountry "RUS"]
[SourceTitle "EXT 2011"]
[Source "ChessBase"]
[SourceDate "2010.11.26"]
[SourceVersion "1"]
[SourceVersionDate "2010.11.26"]
[SourceQuality "1"]

1. g3 d5 2. Bg2 e6 3. Nf3 c5 4. 0-0 Be7 5. d3 Nf6 6. Nbd2 Nc6 7. e4 dxe4 8. dxe4 0-0 9. e5 Nd7 10. Qe2 Qc7 11. Nc4 b6 12. Bf4 Ba6 13. b3 Rad8 14. Rfe1 Na5 15. h4 Nb8 16. h5 h6 17. Nfd2 Nxc4 18. bxc4 Nc6 19. Be4 Nd4 20. Qg4 Nf5 21. Bxf5 exf5 22. Qxf5 Qd7 23. e6 fxe6 24. Qg4 Bf6 25. Rad1 Qf7 26. Ne4 Rxd1 27. Rxd1 Kh8 28. Nd6 Qe7 29. Qg6 Bd4 30. Re1 Bxf2+ 31. Kxf2 Qxd6 32. Qxe6 Qd4+ 33. Kg2 Bxc4 34. Qe7 Bd5+ 35. Kh3 Qf6 36. Qe2 Qf5+ 37. Kh2 Bxa2 38. c4 Bb3 39. Qb2 Qxh5+ 40. Kg2 Bxc4 41. Re5 Bd5+ 42. Rxd5 Qxd5+ 43. Kh2 Qd4 44. Qe2 Rxf4 45. gxf4 Qxf4+ 46. Kg2 Qg5+ 47. Kf1 Qf6+ 48. Kg2 Qg6+ 49. Kf2 Qf7+ 50. Kg1 c4 51. Qe5 Qd7 52. Kf2 b5 53. Kg3 b4 54. Qb8+ Kh7 55. Qxb4 Qd3+ 56. Kg4 c3 57. Qc5 c2 58. Kh4 a5 59. Qc8 g5+ 60. Kg4 Qd1+ 61. Kf5 Qf3+ 62. Ke5 Qf4+ 63. Kd5 c1Q 64. Qd7+ Kg6 65. Qe6+ Kh5 66. Qh3+ Qh4 67. Qf3+ Qg4 68. Qf7+ Kh4 69. Qf2+ Kh3 0-1

[Event "St Petersburg Autumn op"]
[Site "St Petersburg"]
[Date "2009.??.??"]
[Round "2"]
[White "Andreeva, Yuliya"]
[Black "Kondratiev, Denis"]
[Result "0-1"]
[WhiteElo "1840"]
[BlackElo "1995"]
[PlyCount "76"]
[EventDate "2009.10.??"]
[EventType "swiss"]
[EventRounds "9"]
[EventCountry "RUS"]
[SourceTitle "EXT 2011"]
[Source "ChessBase"]
[SourceDate "2010.11.26"]
[SourceVersion "1"]
[SourceVersionDate "2010.11.26"]
[SourceQuality "1"]

1. d4 d5 2. c4 c6 3. Nc3 Nf6 4. Bg5 dxc4 5. a4 h6 6. Bh4 g5 7. Bg3 Qa5 8. e3 Be6 9. Nge2 Na6 10. Be5 Nb4 11. Ng3 Rg8 12. Bxf6 exf6 13. Be2 0-0-0 14. 0-0 f5 15. Qc1 f4 16. Nge4 g4 17. Nd1 f3 18. Bxc4 fxg2 19. Bxe6+ fxe6 20. Kxg2 Qf5 21. Ndc3 e5 22. Kg1 exd4 23. Ng3 Qf3 24. exd4 h5 25. Nge2 Bd6 26. Qe3 Rde8 27. Qh6 Bxh2+ 28. Kxh2 Qh3+ 29. Kg1 g3 30. fxg3 Rxg3+ 31. Nxg3 Qxg3+ 32. Kh1 Qh3+ 33. Kg1 Rg8+ 34. Kf2 Qg3+ 35. Ke2 Re8+ 36. Kd1 Qd3+ 37. Qd2 Qxf1+ 38. Qe1 Qxe1# 0-1

[Event "St Petersburg Autumn op"]
[Site "St Petersburg"]
[Date "2009.??.??"]
[Round "9"]
[White "Kondratiev, Denis"]
[Black "Obraztsov, Nikita"]
[Result "1/2-1/2"]
[WhiteElo "1995"]
[BlackElo "1865"]
[PlyCount "122"]
[EventDate "2009.10.??"]
[EventType "swiss"]
[EventRounds "9"]
[EventCountry "RUS"]
[SourceTitle "EXT 2011"]
[Source "ChessBase"]
[SourceDate "2010.11.26"]
[SourceVersion "1"]
[SourceVersionDate "2010.11.26"]
[SourceQuality "1"]

1. e4 c5 2. Nf3 Nc6 3. Bb5 e6 4. Bxc6 bxc6 5. 0-0 Nf6 6. e5 Nd5 7. c4 Ne7 8. Nc3 Ng6 9. d4 cxd4 10. Qxd4 c5 11. Qe4 Rb8 12. Bg5 Qa5 13. Nb5 Bb7 14. Qe2 h6 15. Be3 Bxf3 16. Qxf3 a6 17. Nc3 Nxe5 18. Qg3 Nc6 19. Nd5 Rc8 20. Rfe1 Nb4 21. Bd2 Qd8 22. Rad1 Nc2 23. Re4 Nd4 24. Bc3 Nf5 25. Qf3 Be7 26. Rg4 Nh4 27. Rxh4 exd5 28. Rg4 d4 29. Bd2 Bf6 30. Bf4 Rc6 31. Qg3 Qe7 32. Rxg7 Bxg7 33. Qxg7 Qf8 34. Qe5+ Re6 35. Qc7 Qe7 36. Qc8+ Qd8 37. Qxc5 Qe7 38. Qc8+ Qd8 39. Qc5 Qe7 40. Qa5 Re2 41. h3 Re4 42. Bg3 Qe6 43. Qb4 Rh7 44. Bd6 f5 45. Qb8+ Kf7 46. Qf8+ Kg6 47. Rd3 Rf7 48. Qg8+ Kh5 49. Bf8 Re1+ 50. Kh2 Qe5+ 51. Rg3 Qf6 52. Bb4 Re4 53. f3 Re2 54. f4 Rxb2 55. Qa8 Rf2 56. Qb7 Rg7 57. Be1 Rf1 58. Rxg7 Qxg7 59. Bg3 Rh1+ 60. Kxh1 Qxg3 61. Qxd7 Qxf4 1/2-1/2

[Event "St Petersburg Autumn op"]
[Site "St Petersburg"]
[Date "2009.??.??"]
[Round "8"]
[White "Paliy, Vladimir"]
[Black "Kondratiev, Denis"]
[Result "1-0"]
[WhiteElo "1835"]
[BlackElo "1995"]
[PlyCount "59"]
[EventDate "2009.10.??"]
[EventType "swiss"]
[EventRounds "9"]
[EventCountry "RUS"]
[SourceTitle "EXT 2011"]
[Source "ChessBase"]
[SourceDate "2010.11.26"]
[SourceVersion "1"]
[SourceVersionDate "2010.11.26"]
[SourceQuality "1"]

1. e4 c5 2. Nf3 e6 3. d4 cxd4 4. Nxd4 a6 5. Nc3 Qc7 6. Bd3 Nf6 7. Be3 Bb4 8. Nde2 Nc6 9. 0-0 b5 10. a4 Bd6 11. axb5 Bxh2+ 12. Kh1 Ne5 13. g3 Neg4 14. Bf4 Qc5 15. Kg2 Bb7 16. bxa6 Bc6 17. f3 d5 18. e5 d4 19. Na4 Bxa4 20. Rxa4 Qc6 21. Nxd4 Qd5 22. exf6 g5 23. Bd2 h5 24. Be4 Qd6 25. Qe1 h4 26. fxg4 Bxg3 27. Qe2 h3+ 28. Kh1 Ra7 29. Qb5+ Kd8 30. Nc6+ 1-0

[Event "St Petersburg Nov op"]
[Site "St Petersburg"]
[Date "2008.11.09"]
[Round "9"]
[White "Kondratiev, Denis"]
[Black "Gorjunov, Sergey1111"]
[Result "0-1"]
[WhiteElo "2050"]
[BlackElo "2214"]
[PlyCount "126"]
[EventDate "2008.11.01"]
[EventType "swiss"]
[EventRounds "9"]
[EventCountry "RUS"]
[SourceTitle "EXT 2010"]
[Source "ChessBase"]
[SourceDate "2010.11.25"]
[SourceVersion "1"]
[SourceVersionDate "2010.11.25"]
[SourceQuality "1"]

1. e4 c5 2. Nf3 d6 3. d4 cxd4 4. Nxd4 Nf6 5. Nc3 g6 6. Be3 Bg7 7. f3 Nc6 8. Bc4 0-0 9. Qd2 Bd7 10. 0-0-0 Qa5 11. g4 Ne5 12. Bb3 Rfc8 13. h4 Rc4 14. h5 Rxd4 15. Bxd4 Nxf3 16. Qf2 Nxd4 17. Rxd4 Bxg4 18. Nd5 Nxd5 19. Rxd5 Qb6 20. Qxb6 axb6 21. hxg6 hxg6 22. Rb5 Bd4 23. Bd5 Be2 24. Rb4 Bc5 25. Rb3 Ra7 26. Kd2 Bh5 27. Rg3 Kf8 28. Rf1 f6 29. Rf5 g5 30. Rgxg5 Bf7 31. Rg2 e6 32. Bxe6 Bxe6 33. Rxf6+ Ke7 34. Rh6 Bd4 35. Rh7+ Bf7 36. c3 Bf6 37. a3 Ra5 38. Re2 Ke6 39. Rf2 Rg5 40. Rh6 Bg6 41. Ke2 Ke5 42. Ke3 Rg4 43. Ke2 Rxe4+ 44. Kf1 Rg4 45. Rh3 Be4 46. Rh5+ Ke6 47. Rh6 Bg6 48. Re2+ Kf5 49. Rf2+ Kg5 50. Rh3 Be4 51. Ke2 d5 52. Ke3 Rg1 53. Ke2 Be5 54. Ke3 Re1+ 55. Kd2 Rb1 56. Ke3 b5 57. Rf7 Rxb2 58. Rxb7 Rb3 59. Kd2 d4 60. Re7 dxc3+ 61. Ke2 Kf6 62. Re8 Rb2+ 63. Ke3 c2 0-1

[Event "St Petersburg June op"]
[Site "St Petersburg"]
[Date "2008.06.26"]
[Round "6"]
[White "Efremova, Daria"]
[Black "Kondratiev, Denis"]
[Result "1/2-1/2"]
[WhiteElo "1958"]
[BlackElo "2046"]
[PlyCount "73"]
[EventDate "2008.06.21"]
[EventType "swiss"]
[EventRounds "9"]
[EventCountry "RUS"]
[SourceTitle "CBM 125 Extra"]
[Source "ChessBase"]
[SourceDate "2008.09.01"]
[SourceVersion "1"]
[SourceVersionDate "2008.09.01"]
[SourceQuality "1"]

1. e4 Nf6 2. Qe2 e5 3. Nf3 Nc6 4. c3 a5 5. g3 Bc5 6. Bg2 0-0 7. 0-0 Re8 8. d3 d5 9. Bg5 dxe4 10. dxe4 h6 11. Rd1 Qe7 12. Bxf6 Qxf6 13. Nbd2 Bg4 14. Nf1 Qg6 15. h3 Be6 16. N3d2 Rad8 17. Ne3 Bxe3 18. Qxe3 Rd6 19. Qe2 Red8 20. Nf1 Rxd1 21. Rxd1 Rxd1 22. Qxd1 Bxa2 23. Qa4 Be6 24. Qb5 Bc8 25. Ne3 Qd6 26. Nd5 Kh7 27. Kh2 b6 28. Ne3 Be6 29. Nf5 Qd7 30. Ne3 Qd6 31. Nf5 Bxf5 32. exf5 Ne7 33. Be4 f6 34. Kg2 Qd8 35. Qb3 c6 36. Qe6 Qc7 37. g4 1/2-1/2

[Event "St Petersburg June op"]
[Site "St Petersburg"]
[Date "2008.06.21"]
[Round "1"]
[White "Kondratiev, Denis"]
[Black "Smirnov, Artem"]
[Result "1/2-1/2"]
[WhiteElo "2046"]
[BlackElo "2438"]
[PlyCount "57"]
[EventDate "2008.06.21"]
[EventType "swiss"]
[EventRounds "9"]
[EventCountry "RUS"]
[SourceTitle "CBM 125 Extra"]
[Source "ChessBase"]
[SourceDate "2008.09.01"]
[SourceVersion "1"]
[SourceVersionDate "2008.09.01"]
[SourceQuality "1"]

1. e4 c5 2. Nf3 d6 3. d4 cxd4 4. Nxd4 Nf6 5. Nc3 g6 6. g3 Bg7 7. Bg2 0-0 8. 0-0 Nc6 9. h3 Bd7 10. Bg5 Rc8 11. Nce2 Qb6 12. Nb3 Ne5 13. a4 Nc4 14. a5 Qc7 15. Qc1 Bc6 16. Bxf6 Bxf6 17. c3 Rfd8 18. Nbd4 Nxa5 19. b4 Nc4 20. b5 Be8 21. Rxa7 Bxd4 22. Nxd4 e5 23. Nf5 Bxb5 24. Nh6+ Kf8 25. Ng4 h5 26. Qh6+ Ke7 27. Qg5+ Kf8 28. Nf6 Bc6 29. Qh6+ 1/2-1/2

[Event "St Petersburg March op"]
[Site "St Petersburg"]
[Date "2008.03.29"]
[Round "8"]
[White "Kondratiev, Denis"]
[Black "Svidinsky, Dmitry"]
[Result "0-1"]
[WhiteElo "2046"]
[BlackElo "2052"]
[PlyCount "88"]
[EventDate "2008.03.22"]
[EventType "swiss"]
[EventRounds "9"]
[EventCountry "RUS"]
[SourceTitle "EXT 2010"]
[Source "ChessBase"]
[SourceDate "2010.11.25"]
[SourceVersion "1"]
[SourceVersionDate "2010.11.25"]
[SourceQuality "1"]

1. e4 e5 2. Nf3 Nf6 3. Nxe5 d6 4. Nf3 Nxe4 5. Nc3 Nxc3 6. dxc3 Be7 7. Bf4 0-0 8. Qd2 Nd7 9. 0-0-0 Nc5 10. Bc4 Be6 11. Bxe6 Nxe6 12. h4 Nxf4 13. Qxf4 Bf6 14. g4 Re8 15. Rd5 g6 16. h5 Re2 17. hxg6 hxg6 18. g5 Bg7 19. Rd2 Re6 20. Nh2 Qe7 21. Ng4 Re8 22. Ne3 Re4 23. Qg3 Be5 24. Qg2 Bf4 25. Qh3 Qe5 26. Rd5 Qg7 27. Qd7 c6 28. Rd4 R4e7 29. Qg4 Bxe3+ 30. fxe3 Rxe3 31. Rxd6 Qe5 32. Rdd1 Rg3 33. Qd7 Qxg5+ 34. Kb1 Qe3 35. Qxb7 Qe4 36. Rhf1 Rf3 37. Qd7 Rxf1 38. Rxf1 Qe2 39. Qd1 Qxd1+ 40. Rxd1 Kg7 41. Kc1 g5 42. Rd7 g4 43. Rxa7 g3 44. Ra4 f5 0-1

[Event "St Petersburg March op"]
[Site "St Petersburg"]
[Date "2008.03.28"]
[Round "7"]
[White "Pochinkov, Andrey"]
[Black "Kondratiev, Denis"]
[Result "1-0"]
[WhiteElo "2136"]
[BlackElo "2046"]
[PlyCount "89"]
[EventDate "2008.03.22"]
[EventType "swiss"]
[EventRounds "9"]
[EventCountry "RUS"]
[SourceTitle "EXT 2010"]
[Source "ChessBase"]
[SourceDate "2010.11.25"]
[SourceVersion "1"]
[SourceVersionDate "2010.11.25"]
[SourceQuality "1"]

1. e4 Nf6 2. e5 Nd5 3. d4 d6 4. Nf3 g6 5. c4 Nb6 6. Be2 Bg7 7. 0-0 0-0 8. Bf4 Bf5 9. Nc3 d5 10. c5 Nc4 11. b3 Na5 12. Qd2 b6 13. Bh6 c6 14. Bxg7 Kxg7 15. Na4 Nd7 16. Rac1 b5 17. Nb2 f6 18. Nh4 fxe5 19. Nxf5+ Rxf5 20. Bg4 e6 21. Bxf5 exf5 22. dxe5 Nb7 23. Nd3 Kh8 24. Qh6 Qe7 25. b4 Re8 26. Nf4 Qg7 27. Qxg7+ Kxg7 28. Rfe1 a5 29. a4 bxa4 30. b5 Nd8 31. b6 Nb7 32. Nd3 Kf7 33. f4 Nb8 34. Ra1 Na6 35. Rec1 Ke7 36. Rxa4 Kd7 37. Kf2 Rg8 38. Rc2 Rb8 39. Ke3 Ke7 40. Kd4 Rg8 41. Rca2 Nb8 42. Nc1 Na6 43. Nb3 Nb4 44. Rxb4 axb4 45. Ra7 1-0